000 00319 a2200121 4500
000 nam a22 7a 4500
005 20260220081430.0
020 _a9788119989263
100 _aBrajendra Kumar Singhal, Dr. Debosmita Paul
_91116397
245 _aGorakh-Vijay
260 _bRadhakrishna Prakashan
_c2025
942 _cTEXL
999 _c1680051
_d1680051